| 000 | 01315 a2200373 4500 | ||
|---|---|---|---|
| 999 |
_c200421874 _d27160 |
||
| 001 | 200421874 | ||
| 003 | TR-AnTOB | ||
| 005 | 20251125153045.0 | ||
| 008 | 150424s tu 000 0 | ||
| 020 | _a9786051362038 (1.Cilt) | ||
| 020 | _a9786051362045 (2.Cilt) | ||
| 040 |
_aTR-AnTOB _btur _erda _cTR-AnTOB |
||
| 041 | 0 | _atur | |
| 050 | 0 | 0 |
_aKKX3790 _bP75 2015 |
| 090 | _aKKX3790. P75 2015 | ||
| 245 | 1 | 0 |
_aProf Dr.Nevzat Toroslu'ya armağan / _cYayın kurulu Muharrem Özen,Metin Feyzioğlu,Tuğrul Katoğlu,Devrim Güngör,Güneş Okuyucu Ergün,Haluk Toroslu,Gökçen Taner,Yaprak Öntan. |
| 264 |
_aAnkara: _bAnkara Üniversitesi, _c2015 |
||
| 300 |
_av2 ; _c30 cm. |
||
| 336 |
_atext _2rdacontent _btxt |
||
| 337 |
_aunmediated _2rdamedia _bn |
||
| 338 |
_avolume _2rdacarrier _bnc |
||
| 504 | _aIncludes bibliographical references. | ||
| 650 | 0 | 0 |
_aCriminal law _zTurkey _xTurkey _939535 |
| 650 | 0 | 7 |
_aCeza hukuku _zTürkiye _2etuturkob _948989 |
| 700 | 1 |
_aÖzen, Muharrem, _d1964- _9121502 |
|
| 700 | 1 |
_aFeyzioğlu, Metin, _d1969- _973124 |
|
| 700 | 1 |
_aKatoğlu, Tuğrul _976375 |
|
| 700 |
_aGüngör, Devrim _9105837 |
||
| 700 | 1 |
_aErgün, Güneş Okuyucu _9105838 |
|
| 700 | 1 |
_aÖntan, Yaprak _9105839 |
|
| 710 | 1 |
_977155 _aAnkara Üniversitesi. _bHukuk Fakültesi |
|
| 942 |
_cBK _2lcc |
||